मराठवाड्याचा सांस्कृतिक इतिहास ( इ.पू.230- इ.स..230 )/ (Record no. 53273)

MARC details
000 -LEADER
fixed length control field 01043nam a22002297a 4500
005 - DATE AND TIME OF LATEST TRANSACTION
control field 2011062709329.0
008 - FIXED-LENGTH DATA ELEMENTS--GENERAL INFORMATION
fixed length control field 110627t xxu||||| |||| 00| 0 mar d
010 ## - LCCN (DPL NO)
LC control number MAR-21023
020 ## - INTERNATIONAL STANDARD BOOK NUMBER
Terms of availability 200.00
035 ## - SYSTEM CONTROL NUMBER
System control number MR-13681
037 ## - SOURCE OF ACQUISITION
Source of stock number/acquisition DBAD/PUB
040 ## - CATALOGING SOURCE
Original cataloging agency DPL
Language of cataloging MR
082 ## - DEWEY DECIMAL CLASSIFICATION NUMBER
Classification number 954.72
100 ## - MAIN ENTRY--PERSONAL NAME
9 (RLIN) 28800
245 ## - TITLE STATEMENT
Title मराठवाड्याचा सांस्कृतिक इतिहास ( इ.पू.230- इ.स..230 )/
246 ## - VARYING FORM OF TITLE
Title proper/short title Marathwadyacha Sanskrutik Itihas
260 ## - PUBLICATION, DISTRIBUTION, ETC. (IMPRINT)
Place of publication, distribution, etc नांदेड
Name of publisher, distributor, etc पूनम प्रकाशन
Date of publication, distribution, etc 2011
270 ## - ADDRESS
Address महत्मा फुले हऊसिंग सोसायटी तहसीलच्यापाठीमागे,कंधार
City नांदेड
300 ## - PHYSICAL DESCRIPTION
Extent 192पृ
Other physical details 21सेमी(अजिल्द)
942 ## - ADDED ENTRY ELEMENTS (KOHA)
Source of classification or shelving scheme Dewey Decimal Classification
Item type Marathi Books
Classification part 954.72
Call number suffix मराठ
Holdings
Withdrawn status Lost status Source of classification or shelving scheme Damaged status Not for loan Collection code Home library Current library Date acquired Source of acquisition Cost, normal purchase price Total Checkouts Full call number Barcode Date last seen Copy number Cost, replacement price Koha item type
    Dewey Decimal Classification   Not For Loan Non-fiction D.B.Act.Division D.B.Act.Division 27/06/2011 DBAD / PUB 200.00   954.72 मराठ MR-13681 27/06/2011 1 200.00 Marathi Books

© Delhi Public Library
Hit Counter
free hit counter